000 00830nac a22002177a 4500
001 BR9404161
003 BR-BrBNA
005 20240301135218.0
008 230509b bl.|||m| |||| 00| 0 por d
040 _aBR-BrBNA
_bpor
_cBiblioteca Nacional de Agricultura
072 _aA50
090 _aA50
_bBR9404161
110 1 _aEmpresa Brasileira de Pesquisa Agropecuaria, Brasilia, DF (Brasil). Secretaria de Administracao Estrategica
_93863
245 1 _aCenarios para a pesquisa agropecuaria: aspectos teoricos e aplicacao na EMBRAPA
260 3 _aBrasilia, DF (Brasil):
_c1990.
300 _a153 p.
490 _aDocumentos - Empresa Brasileira de Pesquisa Agropecuaria. Secretaria de Administracao Estrategica (Brazil)
_vno. 2
650 _aInstituicao de Pesquisa
650 _aPlanejamento de Pesquisa
942 _2AGRIS
_n0
_cMS
999 _c285791
_d285791